00421 2200169 4500001002100000008004100021035002000062245003300082260003600115300002000151020001800171084001700189082001100206650001000217990001200227990001200239INLIS000000000003008 ind  a0010-1024000156 aDangerous BoyscAbigael Haas aBandungbKosa Media Utamac2016 a300c13 x 19 cm a9786027122079 a808.83 ABI d a808.83 afiksi aDI.3530 aDI.3607